000 02465nam a2200289 4500
003 NALT
005 20251112155248.0
008 251111b th ||||| |||| 00| 0 tha d
020 _a69786161620929
040 _aNALT
090 _aKS 33
_bส747น 2562
110 2 _aมหาวิทยาลัยสุโขทัยธรรมาธิราช.
_bสาขาวิชานิติศาสตร์
_915895
245 1 0 _aแนวการศึกษาชุดวิชา กฎหมายแพ่ง ลักษณะสัญญา ลักษณะละเมิด และลักษณะหุ้นส่วนบริษัทชั้นสูง หน่วยที่ 11-15 /
_cสาขาวิชานิติศาสตร์ มหาวิทยาลัยสุโขทัยธรรมาธิราช.
250 _aพิมพ์ครั้งที่ 1. (ฉบับปรับปรุงครั้งที่ 1)
260 _aนนทบุรี :
_bสำนักพิมพ์มหาวิทยาลัยสุโขทัยธรรมาธิราช,
_c2562.
300 _a1 เล่ม :
_bแผนผัง ;
_c26 ซม.
505 2 _aหน่วยที่ 11 ลักษณะทั่วไปขององค์กรธุรกิจ -- หน่วยที่ 12 ทฤษฎีกฎหมายหุ้นส่วนและบริษัท (1) -- หน่วยที่ 13 ทฤษฎีกฎหมายหุ้นส่วนและบริษัท (2) -- หน่วยที่ 14 กฎหมายหุ้นส่วนบริษัทในกลุ่มซีวิลลอว์ -- หน่วยที่ 15 หลักกฎหมายหุ้นส่วนบริษัทในกลุ่มคอมมอนลอว์.
650 4 _aกฎหมายแพ่ง
_91646
650 4 _aกฎหมายแพ่งและพาณิชย์
_xสัญญา
_931958
650 4 _aกฎหมายแพ่งและพาณิชย์
_xหุ้นส่วนและบริษัท
_958828
650 4 _aกฎหมายแพ่งและพาณิชย์
_xละเมิด
_93009
942 _2local
_cLB
996 _ajidapa.t
_bACQSTF
_c2025-11-11
996 _avaree.k
_bLIBSTF
_c2025-11-12
996 _asaiphon.d
_bCATSTF
_c2025-11-12
999 _c107479
_d107479
998 _j104
_k นางสาวสายฝน ดีงาม